Parafráza na tému Muž a žena Francúzsky film Clauda Leloucha

Bibliographic Details
Main Author: Mjartanová, J. (Author)
Format: Article
Language:Slovak
Subjects:

MARC

LEADER 00000nab a2200000 a 4500
001 vtls000112955
003 SK-MaSNL
005 20260303024116.0
008 111104c1982 xo 0 slo
015 |a SNBRB19rr/mm-uuuuu 
035 |a CL0123058 
040 |a SNKBUCL  |b slo  |c SNKBUCL  |e AACR2 
041 0 |a slo 
044 |a xo  |c SK 
080 |a 791.43  |2 1981 
100 1 |a Mjartanová, J.  |4 aut  |9 924888 
245 1 0 |a Parafráza na tému Muž a žena  |b Francúzsky film Clauda Leloucha  |c J. Mjartanová 
650 0 7 |a film francúzsky  |2 snkbucl  |9 886084 
655 7 |a články z novín a časopisov  |2 snkbucl  |9 267496 
773 0 |t Ľud  |g Roč. 35, č. 76 (31. 3. 1982), s. 5 
850 |a Slovenská národná knižnica v Martine  |a MTA001 
852 |a SNK  |b KIS3GCP 
958 |a RK 
992 |a RBX 
999 |c 1638365  |d 1640295